000 00274nam a2200109 a 4500
005 20140414093832.0
008 970110s19uu xx 00 eng d
050 _aVHS 700
_bOR 09
245 _aMusic Magic Video Library :
_bSinging Styles.
942 _cAVM
999 _c108812
_d108812